000 00655nam a22002297a 4500
003 UA-OsUOA
001 94868
007 ta
008 20130218b un ||||| |||| 00| 0 ukr d
100 _aДемидов П.
090 _a821.161.1
_bД30
942 _cBK
040 _aUA-OsUOA
_brus
_cUA-OsUOA
_dUA-OsUOA
245 _aВспоминай и дальше...
_bповесть о Константине Суханове
300 _a302 с.
955 _a3
041 _arus
080 _a821.161.1
260 _aМ.
_bПолитиздат
_c1983
650 7 _a82 Література. Літературознавство
_2UDC
999 _c381137
_d381137